000 01019cam a22002771i 4500
003 SA-RiAUC
005 20251007121526.0
008 250723s2003 su o g 000 0 ara c
020 _a9960103838
020 _a9960418545
040 _aSA-JeALM
_bara
_cSA-RiAUC
_erda
043 _aa-su---
050 4 _bD59 2003
082 0 4 _a953.123
_qSA-RiAUC
090 _a953.123
_bد ي ا
100 1 _aدياب، محمد صادق محمود،
_d1363-1432 هجري
_eمؤلف.
245 1 0 _aجدة :
_bالتاريخ والحياة الاجتماعية /
_cمحمد صادق محمود دياب.
264 1 _aجدة، السعودية :
_bمحمد صادق محمود دياب،
_c2003
300 _a205 صفحة :
_bصور ؛
_c22 في 22 سم.
336 _aنص
_btxt
_2rdacontent
_3كتاب
337 _aبدون وسيط
_bn
_2rdamedia
338 _aمجلد
_bnc
_2rdacarrier
651 7 _aجدة (السعودية)
_xتاريخ
_2aucsh
942 _2ddc
_cBOOK
_n0
949 _aSA-JeALM
_d250723
_uosman123
_n1
999 _c12453
_d12453